Super Ilha (Registro n. 740)
[ somente texto ]
| 000 -LEADER | |
|---|---|
| fixed length control field | 00826nas a22002177a 4500 |
| 005 - DATE AND TIME OF LATEST TRANSACTION | |
| control field | 20260601115816.0 |
| 008 - FIXED-LENGTH DATA ELEMENTS--GENERAL INFORMATION | |
| fixed length control field | 260601b20102015poruu|j| |||| 00| z por d |
| 040 ## - CATALOGING SOURCE | |
| Transcribing agency | BR-ViAPE |
| 245 ## - TITLE STATEMENT | |
| Title | Super Ilha |
| 260 ## - PUBLICATION, DISTRIBUTION, ETC. | |
| Place of publication, distribution, etc. | Vitória |
| Name of publisher, distributor, etc. | Associação Capixaba de Supermercados - Acaps |
| Date of publication, distribution, etc. | 2010-2015 |
| 300 ## - PHYSICAL DESCRIPTION | |
| Extent | v. |
| Other physical details | il. |
| 310 ## - CURRENT PUBLICATION FREQUENCY | |
| Current publication frequency | Irregular |
| 362 ## - DATES OF PUBLICATION AND/OR SEQUENTIAL DESIGNATION | |
| Dates of publication and/or sequential designation | Ano 7, n.66 (jul. 2010) - n. 87 (set. 2015). |
| 500 ## - GENERAL NOTE | |
| General note | Disponibilizada apenas a imagem da capa na versão digital, em virtude de restrições de direitos autorais. |
| 500 ## - GENERAL NOTE | |
| General note | Coleção incompleta: disponíveis apenas alguns números do periódico |
| 650 ## - SUBJECT ADDED ENTRY--TOPICAL TERM | |
| General subdivision | Comércio |
| -- | Supermercados |
| -- | Economia |
| Geographic subdivision | Espírito Santo |
| 651 ## - SUBJECT ADDED ENTRY--GEOGRAPHIC NAME | |
| Geographic name | Espírito Santo (Brasil) |
| Form subdivision | Periódicos |
| 710 ## - ADDED ENTRY--CORPORATE NAME | |
| Corporate name or jurisdiction name as entry element | Associação Capixaba de Supermercados - Acaps |
| 942 ## - ADDED ENTRY ELEMENTS (KOHA) | |
| Source of classification or shelving scheme | Dewey Decimal Classification |
| Koha item type | Periódicos |
| Suppress in OPAC | Yes |
| Withdrawn status | Lost status | Source of classification or shelving scheme | Damaged status | Not for loan | Home library | Current library | Date acquired | Total checkouts | Date last seen | Price effective from | Koha item type |
|---|---|---|---|---|---|---|---|---|---|---|---|
| Dewey Decimal Classification | Hemeroteca Digital do Arquivo Público do Estado do Espírito Santo | Hemeroteca Digital do Arquivo Público do Estado do Espírito Santo | 06/01/2026 | 06/01/2026 | 06/01/2026 | Periódicos |